000 01024nam a22003257a 4500
001 BR2014006152
003 BR-BrBNA
005 20230928104509.0
007 ta
008 230509b bl.||||| |||| 00| 0 por d
040 _aBR-BrBNA
_bpor
_cBiblioteca Nacional de Agricultura
041 _a(Por)
072 _aL02
_b5240
090 _ 5240 BR2014006152
100 1 _aSena, H. dos S.
110 1 _aUniversidade de Brasília, DF (Brasil). Faculdade de Agronomia e Medicina Veterinária
_0Tese (Mestre em Ciência Animal)
245 1 _aAvaliação de aprendizado, estresse e ganho de peso em borregos desmamados em diferentes idades
260 3 _aBrasília, DF (Brasil):
_c2013.
300 _a47 p.
500 _aSummaries (Eng, Por); Bibliography p. 42-47; 8 tables; 6 illus.
650 _aOVELHA
650 _aSTRESS
650 _aDESMAMA
650 _aIDADE
650 _aCOMPORTAMENTO ANIMAL
650 _aBEM-ESTAR
650 _aGANHO DE PESO
909 _a202309
_bLucia
_c55
_dLucia Elande
942 _cBK
999 _c80250
_d80250